000 00274 a2200145 4500
001 172155
020 _a
040 _cMagnum
240 1 0 _aJoão e maria
_lpor
245 1 0 _aJoão e maria
300 _a8
440 1 _aFTD
697 _aLITERATURA INFANTO
942 _cBK
999 _c172155
_d172155